[Event "IND-chT"]
[Site "Gurgaon"]
[Date "2010.02.21"]
[Round "1"]
[White "Bharat, Bhushan"]
[Black "Maheswaran, Palsamy"]
[Result "1/2-1/2"]
[WhiteElo "1785"]
[BlackElo "2355"]
[PlyCount "76"]
[EventDate "2010.02.21"]
[EventType "team"]
[EventRounds "9"]
[EventCountry "IND"]
[SourceTitle "CBM 135 Extra"]
[Source "ChessBase"]
[SourceDate "2010.05.04"]
[SourceVersion "1"]
[SourceVersionDate "2010.05.04"]
[SourceQuality "1"]

1. e4 c5 2. Nf3 e6 3. d4 cxd4 4. Nxd4 a6 5. Bd3 Nf6 6. 0-0 Qc7 7. Be3 Nc6 8. Nxc6 Qxc6 9. Nd2 d6 10. f4 Be7 11. Kh1 0-0 12. e5 Nd5 13. Bd4 f5 14. exf6 Bxf6 15. Qh5 h6 16. Bxf6 Nxf6 17. Qg6 Qe8 18. Nc4 Qxg6 19. Bxg6 Rd8 20. Nb6 Rb8 21. Rae1 Bd7 22. Nxd7 Nxd7 23. Bh5 e5 24. Rd1 Nf6 25. Bg6 Rbc8 26. Bf5 Rb8 27. c4 Kf7 28. g4 g5 29. fxe5 dxe5 30. Kg2 Ke7 31. Rfe1 Rxd1 32. Rxd1 b6 33. Kf3 Rb7 34. b3 Rc7 35. Re1 Kd6 36. Rd1+ Ke7 37. Re1 Kd6 38. Rd1+ Ke7 1/2-1/2